Proyecciones en materia tributaria de la igualdad constitucional (Registro nro. 35158)

Detalles MARC
000 -LEADER
fixed length control field 00332 a2200109 4500
001 - CONTROL NUMBER
control field ART_51777
005 - DATE AND TIME OF LATEST TRANSACTION
control field 20260410162044.0
008 - FIXED-LENGTH DATA ELEMENTS--GENERAL INFORMATION
fixed length control field 260409a
100 1# - MAIN ENTRY--PERSONAL NAME
Personal name Gusman, Alfredo S.
245 10 - TITLE STATEMENT
Title Proyecciones en materia tributaria de la igualdad constitucional
773 0# - HOST ITEM ENTRY
Title Impuestos
Related parts - N°84 (sep. 2020)
Record control number REV45175

No hay ítems disponibles.